000 00511nam a2200157Ia 4500
008 240729s9999 xx 000 0 und d
245 0 _aK@ta: A Biannual Publication on the Study of Language and Literature
260 _aIndonesia
260 _bPetra Christian University
650 _a English language | Language and Literature
650 _a English literature
650 _aLanguage and Literature
856 _uhttps://doaj.org/toc/7ffae94ba81246f690ddf1c8f2cbfdda
942 _2ddc
942 _cDOAJEJ
999 _c65822
_d65822
945 _a1
_bMadushi Gamage
_c1
_dMadushi Gamage